| 000 | 00541nam a2200205 a 4500 | ||
|---|---|---|---|
| 001 | 42205 | ||
| 003 | BD-RjUL | ||
| 005 | 20211209053516.0 | ||
| 008 | 160611s1943 as ||||| |||| 00| 0 eng d | ||
| 035 | _a(BD-RjUL)42323 | ||
| 040 |
_aBD-RjUL _beng _cBD-RjUL |
||
| 041 | _aeng | ||
| 082 |
_a335 _223 _bLES 1943 |
||
| 100 |
_aLenin, V. I. _9129796 |
||
| 245 | 1 | 0 |
_aState and revolution / _cV. I. Lenin |
| 260 |
_aNew York : _bInternational publication, _c1943 |
||
| 300 |
_a103 p. ; _c20 semi. |
||
| 650 |
_aSocialism _9129797 |
||
| 942 |
_2ddc _cBK |
||
| 999 |
_c42205 _d42205 |
||